00463nam a2200169Ia 4500008004100000020001800041041000800059082001600067100001800083245003000101260002900131300002700160365001600187700001800203906005300221999001900274230714s9999 xx 000 0 und d a9790000000000 aeng a621.51bJAG aJagadeesha T. aHydraulics and Pneumatics c2015bI.K. International a427dRef 182 M (56113) cRs.b395.00 aJagadeesha T. dO:0559105-Jul-2017B:IN9910-Jun-2017cMECHb197.5 c220531d220531